000 01106nam a2200313 4500
003 EG-GICUC
005 20260426081642.0
008 260426b1986 ua|||||fr|||| 00| 0 ara d
017 _a854647
020 _a9771032143
040 _a EG-GICUC
_bara
_c EG-GICUC
_d EG-GICUC
_erda
043 _af-ua---
082 0 4 _221
_a343.67
092 0 4 _221
099 _aLaw1 10 343.7531 ر م . ع 1986
100 0 _aرمسيس بهمنام
245 1 0 _aعلم الوقاية والتقويم :
_bالأسلوب الأمثل لمكافحة الإجرام /
_cرمسيس بهمنام.
264 _aالإسكندرية:
_bمنشأة المعارف,
_c1986.
300 _a410 صفحة
_bإيضاحيات، صور، مثيليات ؛
_c24 سم
336 _2rda content
_atext
337 _2rda media
_aComputer
338 _2rda carrier
_aOnline Resource
504 _a. 240-220 ببليوجرافيا: صفحات.
650 1 4 _aالوقاية من الإجرام
_2qrmak
651 1 _2qrmak
856 4 0 _uhttps://fll.law.cu.edu.eg/fulltext/bks/B10-07531.pdf
905 _a17
942 _2ddc
_n0
_cBK
_e21
999 _c73390
_d73390